| 000 | 00784nam a2200253 a 4500 | ||
|---|---|---|---|
| 008 | 951122s1985||||[C 0 slo c | ||
| 020 |
_c30 Kčs. _q(3000 výtl.) |
||
| 040 |
_aSNK _bslo _cSNK _eAACR2 |
||
| 041 | 1 |
_aslo _hrus |
|
| 044 |
_axo _cSK |
||
| 080 | _a882-3 | ||
| 100 | 1 |
_aKron, Aleksandr _4aut |
|
| 245 | 1 | 0 |
_aDom a loď _cAleksandr Kron ; Viktória Slobodníková, Dušan Slobodník, Ľubica Štuková, Svetozár Mydlo |
| 250 | _a1., vyd. | ||
| 260 |
_aBratislava _bSmena _c1985 _eŽilina _fPravda |
||
| 300 |
_a541 s., 34,20 AH _c20 cm |
||
| 490 | 0 | _aŠtafeta | |
| 500 | _aRozlož. tit. list. | ||
| 700 | 1 |
_aSlobodníková, Viktória _4trl |
|
| 700 | 1 |
_aSlobodník, Dušan _4trl |
|
| 700 | 1 |
_aŠtuková, Ľubica _4bkd |
|
| 700 | 1 |
_aMydlo, Svetozár _4bkd |
|
| 958 | _aA | ||
| 999 |
_c11859 _d11859 |
||